Educar es ... mucho más que una simple fórmula /
| المؤلف الرئيسي: | |
|---|---|
| التنسيق: | كتاب |
| اللغة: | الإسبانية |
| منشور في: |
Cartago, Costa Rica :
Editorial Tecnológica de Costa Rica,
1998
|
| الطبعة: | 1 edición |
| الموضوعات: |
MARC
| LEADER | 00000nam a2200000Ia 4500 | ||
|---|---|---|---|
| 008 | 180119b1998 cr ||||| |||| 00| | spa d | ||
| 999 | |c 1018 |d 1018 | ||
| 020 | |a 9977660905 | ||
| 090 | |a 06.02.01 |b 1791 | ||
| 100 | 1 | |a Arguedas Ramírez, Mario |9 3343 | |
| 245 | 1 | 0 | |a Educar es ... mucho más que una simple fórmula / |c Mario Arguedas Ramírez |
| 250 | |a 1 edición | ||
| 260 | |a Cartago, Costa Rica : |b Editorial Tecnológica de Costa Rica, |c 1998 | ||
| 300 | |a 218 páginas | ||
| 650 | 1 | 4 | |a EDUCACIÓN |9 1 |
| 650 | 1 | 4 | |a MATEMÁTICAS |9 482 |
| 650 | 1 | 4 | |a ENSEÑANZA |9 14 |
| 942 | |i 002819 |h 06.02.01 1791 |2 z |c 01 | ||
